Lotus 1.2.3 (Record no. 541693)

000 -LEADER
fixed length control field 00460nam a2200145Ia 4500
082 ## - DEWEY DECIMAL CLASSIFICATION NUMBER
Classification number 005.133L
Author Mark ASH
-- MCE
100 ## - MAIN ENTRY--PERSONAL NAME
Personal name Ashi, Muhammad Anwar.
9 (RLIN) 36691
245 ## - TITLE STATEMENT
Title Lotus 1.2.3
Remainder of title a traning guide of LOTUS 1-2-3
Statement of responsibility, etc. Ashi, Muhammad Anwar.
260 ## - PUBLICATION, DISTRIBUTION, ETC.
Place of publication, distribution, etc. Lahore:
Name of publisher, distributor, etc. Hamdard Kutab Khana,
Date of publication, distribution, etc. 1992
300 ## - PHYSICAL DESCRIPTION
Extent 143p. :ill.
Dimensions 22 cm.
526 ## - STUDY PROGRAM INFORMATION NOTE
Program name 0
Interest level 0
Reading level 0
Title point value 005_000000000000000_133L_ASH
650 ## - SUBJECT ADDED ENTRY--TOPICAL TERM
Topical term or geographic name entry element Lotus (Computer Program)
9 (RLIN) 36692
650 ## - SUBJECT ADDED ENTRY--TOPICAL TERM
Topical term or geographic name entry element MCE
9 (RLIN) 379
942 ## - ADDED ENTRY ELEMENTS (KOHA)
Source of classification or shelving scheme
Koha item type Book
Holdings
Withdrawn status Lost status Source of classification or shelving scheme Damaged status Not for loan Permanent Location Current Location Date acquired Total Checkouts Full call number Barcode Date last seen Price effective from Koha item type
          Military College of Engineering (MCE) Military College of Engineering (MCE) 08/22/2013   005.133L ASH MCE-28974 08/22/2013 08/22/2013 Book
© 2023 Central Library, National University of Sciences and Technology. All Rights Reserved.